• 首页
  • 本馆介绍
  • 公告通知
  • 最新文献
  • 馆藏检索
  • 电子资源
  • 读者导购
  • 参考咨询
  • 我的图书馆
  • 登录
  • 详细信息显示
  • 放入我的书架
  • 预约/预借图书
  • 作者相关作品
  • 分类相关作品
  • 丛书相关作品
  • 出版社相关作品

书目信息

  • 表格格式
  • 工作单格式
  • 卡片格式
题名:
网络与电子商务中的知识产权
    
 
作者: 李居迁 , 杨帆 编著
分册:  
出版信息: 北京   北京邮电大学出版社  2002
页数: 236页
开本: 23cm
丛书名: 电子商务法系列丛书
单 册:
中图分类: D913.04
科图分类:
主题词: 电子商务--知识产权法--研究 , CT--S036604--计算机网络 , 计算机网络--知识产权法--研究 , CT--S903531--电子商务 , CT--S903256--知识产权法
电子资源:
ISBN: 7-5635-0567-9
000 01150oam2 2200325 450
001 002191318
005 20061109153054.96
010    @a7-5635-0567-9@dCNY28.00
035    @a002191318
100    @a20021113d2002 em y0chiy0110 ea
101 0  @achi
102    @aCN@b110000
105    @ay z 000yy
200 1  @a网络与电子商务中的知识产权@9wang luo yu dian zi shang wu zhong de zhi shi chan quan@f李居迁,杨帆编著
210    @a北京@c北京邮电大学出版社@d2002
215    @a236页@d23cm
225 2  @a电子商务法系列丛书
330    @a本书包括:网络著作权法律问题、网络商标权与域名法律问题、网络专利权法律问题、未披露的信息的法律问题四编内容。
461  0 @1001012001020904@12001 @a电子商务法系列丛书
510 1  @aIntellectual Property in the Internet and Electronic Commerce@zeng
606 0  @a电子商务@x知识产权法@x研究
606 0  @2CT@3S036604@a计算机网络
606 0  @a计算机网络@x知识产权法@x研究
606 0  @2CT@3S903531@a电子商务
606 0  @2CT@3S903256@a知识产权法
690    @aD913.04@v4
701  0 @a李居迁@9li ju qian@4编著
701  0 @a杨帆@9yang fan@4编著
801  0 @aCN@bNLC@c20061109
905    @a10447@dD913.04@e272
    
    网络与电子商务中的知识产权/李居迁,杨帆编著.-北京:北京邮电大学出版社,2002
    236页;23cm.-(电子商务法系列丛书)
    
    
    ISBN 7-5635-0567-9:CNY28.00
    本书包括:网络著作权法律问题、网络商标权与域名法律问题、网络专利权法律问题、未披露的信息的法律问题四编内容。
●
相关链接 在E读中查询图书 在五车中查询图书 在当当中查询图书 在豆瓣中查询图书


正题名:网络与电子商务中的知识产权     索取号:D913.04/272         预约/预借

序号 登录号 条形码 馆藏地/架位号 状态 备注
1 0386391   203863916   第一样本阅览室/ [索取号:D913.04/272] 在馆    
2 0386392   203863925   第一借阅区/ [索取号:D913.04/272] 在馆    
3 0386393   203863934   第一借阅区/ [索取号:D913.04/272] 在馆    
4 0386394   203863943   第一借阅区/ [索取号:D913.04/272] 在馆    
5 0386395   203863952   第一借阅区/ [索取号:D913.04/272] 在馆    
唐山师范学院图书馆 欢迎您!
大连网信软件有限公司© 版权所有